[Event "FIDE Candidates 2020"]
[Site "Yekaterinburg"]
[Date "2021.04.27"]
[Round "14.4"]
[White "Vachier-Lagrave, Maxime"]
[Black "Wang, Hao"]
[Result "1-0"]
[WhiteElo "2758"]
[BlackElo "2763"]
[Annotator "TA"]
[PlyCount "57"]
[EventDate "2020.03.17"]
[EventType "tourn"]
[EventCountry "RUS"]
[SourceTitle "playchess.com"]
[Source "ChessBase"]
[SourceQuality "1"]

{[%evp 18,57,10,2,32,14,20,0,0,0,0,0,0,0,0,0,0,0,0,0,0,0,0,0,17,10,25,13,9,15,0,0,6,6,13,20,60,61,199,187,296,306]} 1. e4 e5 2. Nf3 Nc6 3. Bb5 Nf6 4. O-O Nxe4 5. d4 Nd6 6. Bxc6 dxc6 7. dxe5 Nf5 8. Qxd8+ Kxd8 9. h3 Ke8 10. Nc3 h5 {C67: Ruy Lopez: Berlin Defence: 4 0-0 Nxe4.} 11. Ne2 b6 {11...b6 scores better than 11...Be7.} 12. Bg5 c5 {The position is equal.} 13. Nc3 {Threatens to win with Nd5.} Bb7 14. Rfd1 Bxf3 15. gxf3 {[#] Hoping for Nd5.} c6 {[#]} 16. f4 $146 ({Predecessor:} 16. Rd3 Be7 17. Ne4 Rd8 18. Rad1 Rxd3 19. Rxd3 Bxg5 20. Nxg5 Ke7 21. Kf1 h4 22. f4 {½-½ (33) Vachier Lagrave,M (2781)-Nakamura,H (2746) London 2018}) 16... Be7 {And now ...f6 would win.} 17. Ne4 Bxg5 18. fxg5 Ke7 19. Nd6 Ke6 20. Rd3 Rhd8 {[%cal Rf5d6]} 21. Re1 a5 22. f4 c4 23. Rdd1 b5 24. Kf2 a4 25. a3 g6 26. Kf3 Ng7 27. Rd2 Ne8 (27... Ke7 $14) 28. Red1 Nc7 {[#]} (28... Nxd6 {was worth a try.} 29. Rxd6+ Ke7) 29. Nxb5 $1 {[%mdl 576] Discovered Attack.  Weighted Error Value: White=0.03/Black=0.17} 1-0